[Event "ISR-chT"]
[Site "Israel"]
[Date "2002.04.12"]
[Round "8"]
[White "Alterman, Boris"]
[Black "Avrukh, Boris"]
[Result "0-1"]
[WhiteElo "2560"]
[BlackElo "2567"]
[Annotator "Avrukh,B"]
[PlyCount "88"]
[EventDate "2002.01.10"]
[EventType "team"]
[EventRounds "11"]
[EventCountry "ISR"]
[SourceTitle "CBM 089"]
[Source "ChessBase"]
[SourceDate "2002.08.12"]
[SourceVersion "1"]
[SourceVersionDate "2002.08.12"]
[SourceQuality "1"]

1. Nf3 d5 2. d4 Nf6 3. c4 c6 4. e3 Bf5 5. Nc3 e6 6. Nh4 Bg6 7. Nxg6 hxg6 8. Bd2
Nbd7 9. g3 $146 (9. Qc2 Bd6 10. Be2 dxc4 (10... Qc7 11. f4 g5 $2 (11... dxc4
$142 12. Bxc4 a6 {[%cal Gb7b5,Gc6c5]}) 12. fxg5 Bxh2 13. O-O-O Nh5 14. cxd5
cxd5 (14... exd5 15. Nxd5 {[%csl Gc7]}) 15. Nb5 Qxc2+ 16. Kxc2 Ng3 17. Nc7+ Kd8
18. Nxa8 $18 {1-0 Ree,H-Cuijpers,F/NED 1994/EXT 98 (27)}) 11. Bxc4 Qe7 12. h3
e5 13. O-O-O O-O-O 14. dxe5 Nxe5 15. Be2 Ned7 {1/2-1/2 Loeffler,S-Novkovic,M/
AUT 2001/EXT 2002 (15)}) 9... Be7 10. Qc2 a6 (10... dxc4 11. Bxc4 e5 12. dxe5
Nxe5 13. Be2 $14 {[%csl Gd2,Ge2][%cal Ge1c1]}) 11. a3 $5 Qc7 (11... dxc4 $140
12. Bxc4 b5 13. Ba2 c5 14. d5 $1) 12. Be2 (12. c5 e5) 12... b5 $2 {[%mdl 16384]
A serious positional mistake after which black remains without any real play.
Telling the truth I forgot about the 14th move of white.} ({It was really a
right moment for:} 12... dxc4 $1 13. Bxc4 c5 14. dxc5 Nxc5 $11) 13. c5 e5 14.
f4 $1 $16 {[%mdl 32]} e4 (14... exd4 15. exd4 O-O 16. Bd3 (16. O-O-O a5 $132)
16... Rfe8 17. O-O $16) 15. b4 $1 {Not allowing black to close the play on the
queenside after 15... a5 (and white cannot break through).} (15. g4 a5 $1)
15... Nf8 (15... a5 $142 16. bxa5 Rxa5 17. a4 bxa4 18. Rxa4 (18. Nxa4 Ra7 19.
O-O O-O {[%cal Gf8a8]}) 18... Rxa4 19. Qxa4 O-O 20. g4 Rb8 21. g5 Nh7 22. Bg4
Nhf8 {[%cal Gf7f5] was more playable for black, but still of course clearly
better for white.}) 16. a4 Rb8 17. axb5 axb5 18. Ra6 $1 {[%csl Rc6]} Qc8 (18...
Ne6 19. Qa2 O-O (19... g5 20. f5) 20. g4 $16) 19. Qa2 g5 $1 {Trying to create
some counterplay} 20. O-O $5 (20. fxg5 N6h7 21. Rf1 {[%cal Gh2h4]} Nxg5 (21...
Bxg5 22. Nxe4 dxe4 23. Qxf7+ Kd8 24. Ra7 $18 {[%csl Gd8]}) 22. h4 Nge6 23. Ra7
$16) 20... gxf4 (20... Qh3 21. Rf2) 21. exf4 Ne6 {[%csl Gd4]} (21... Qh3 22.
Rf2 Ne6 {[%cal Ge6d8]} 23. Rxc6 $1 (23. Be3 $143 Nd8 24. Ra7 Ng4 25. Bxg4 Qxg4
$11) 23... Nxd4 24. Rc7 Bd8 25. Ra7 Qe6 $140 26. f5 $1 $16) 22. Be3 {[%cal
Gf4f5]} g6 {[%cal Ge6g7,Gg7f5]} 23. Ra7 Ng8 {[%cal Ge7f6]} (23... Ng7 24. f5 $1
Nxf5 25. Bf4 {[%csl Rb8]} Bd8 26. Bxb8 (26. Be5 $5 {[%cal Gg3g4]}) 26... Qxb8
27. Rxf5 $1 gxf5 28. Qa6 O-O 29. Ra8 Qc7 30. Rc8 Qd7 31. Qxc6 $18) 24. Qa6 $2 {
Missing a golden opportunity to break through the black defence.} (24. Nxd5 $1
cxd5 25. Qxd5 Nf6 (25... Nd8 26. f5 $1 $18) (25... f5 26. Qa2 Bf6 27. Rd1 $1
$18 {[%cal Gd4d5]} (27. d5 Nd4)) 26. Rxe7+ $1 (26. Qe5 {[%cal Gd4d5]} Rb7 27.
Rfa1 O-O 28. d5 {also good enough}) 26... Kxe7 27. Qd6+ Ke8 28. f5 $1 (28. d5
Qc7 $1) (28. Qe5 Ke7 29. d5 Nxd5 30. Qd6+ Ke8 31. Qxd5 f5 32. c6 $16) 28...
gxf5 29. Qe5 {[%cal Gf1f5,Gd4d5] with a decisive attack.}) 24... Bf6 25. Nxb5
$5 (25. Rd1 Ne7 {[%cal Ge7f5]} 26. Bg4 Nf5 27. Bxf5 gxf5 $11) 25... cxb5 26.
Bxb5+ Kf8 27. Qxc8+ $2 (27. Qd6+ $1 Be7 (27... Ne7 $143 $2 28. Bd7 Qd8 29. f5
$1 {with a decisive attack.}) 28. Qe5 Bf6 (28... Rh5 29. Bd7 Rxe5 30. fxe5 $5 (
30. Bxc8 Rh5 31. Bxe6 fxe6 32. c6 (32. Rb1 $2 {[%cal Gb4b5]} Nf6 $1 {[%cal
Gf6g4]} 33. Kg2 (33. b5 $141 Ng4 $1 34. b6 Nxe3 35. c6 Bd8 $1 36. c7 Bxc7 37.
Rxc7 Rh8 38. b7 Nf5 $19) 33... Rb5 34. c6 Kf7 $17) 32... Nf6 (32... Bd6 33. Rd7
) 33. c7 Rc8 34. b5 Nd7 35. Rfa1 Kf7 36. R1a6 {[%cal Gb5b6]} Rhh8 {and black
holds the position.} 37. b6 $140 (37. Rc6 $11 {[%cal Gb5b6]}) 37... Bd6 $1 38.
b7 Rxc7 39. Rxd6 Rb8 $17) 30... Qxd7 $1 (30... Qc7 $143 31. Rxc7 Nxc7 32. b5 $1
Rxb5 (32... Nxb5 33. Rb1) 33. Bxb5 Nxb5 34. Rb1 Nc7 35. Rb8+ Kg7 36. c6 $16)
31. Rxd7 Rxb4 32. Rxd5 Bg5 $1 (32... Ke8 {[%csl Gd7]} 33. c6 Rc4 34. Rb5 $18 {
[%cal Gd4d5]}) 33. Bxg5 Nxg5 $132) (28... f6 $5 29. Qxd5 Rxb5 (29... Nc7 $6 30.
Rxc7 $1 Qxc7 31. Bc4 Nh6 {[%csl Gf7]} 32. f5 {[%cal Ge3h6]} g5 33. b5 Kg7 34.
b6 $36) 30. Ra8 Rb8 31. Rxb8 Qxb8 32. Qxe6 Qxb4 33. Qxe4 $13) 29. Qd6+ $11)
27... Rxc8 28. Bd7 Rb8 $1 {[%csl Rb4,Rd4] It looks like white missed this easy
move in time trouble. Now two pawns are hanging and black just in time can
consolidate his position.} 29. f5 (29. c6 $142 Rxb4 30. c7 Nxc7 (30... Ne7 $5)
31. Rxc7 Bxd4 32. Bxd4 Rxd4 33. f5 gxf5 34. Bxf5 Nh6 $17 {[%csl Gf7]}) 29...
gxf5 30. Rxf5 Rxb4 (30... Nxd4 31. Rxd5 Rxb4 {is also good enough.} 32. c6 $140
Nf3+) 31. Bxe6 Rb1+ $1 (31... fxe6 $2 32. Rf2 $13 {[%cal Gf2f8]}) 32. Kg2 Rb2+
33. Rf2 (33. Kg1 fxe6 34. Rf4 Rbxh2 $19 {[%csl Rg1]}) 33... Rxf2+ 34. Bxf2 fxe6
35. g4 {With hopes to create some counterplay with pawns on different sides.} (
35. c6 Ne7 36. c7 Kf7 $19) 35... Ne7 36. h4 Nc6 37. Rc7 Nxd4 38. c6 Be5 $1 39.
Bxd4 (39. Rc8+ Ke7 40. Rxh8 Bxh8 41. c7 Kd7 $19) 39... Bxd4 40. Rb7 Ke8 $1 {
Now it's over. The black king stops white's c-pawn and white could resign
right here.} 41. g5 (41. c7 Kd7) 41... Be5 42. Kh3 e3 43. g6 e2 44. Rb1 d4 {
[%cal Gd4d3,Gd3d2]} 0-1

[Event "EU-ch 17th"]
[Site "Gjakova"]
[Date "2016.05.16"]
[Round "5"]
[White "Fressinet, Laurent"]
[Black "Dubov, Daniil"]
[Result "1-0"]
[WhiteElo "2692"]
[BlackElo "2644"]
[Annotator "Baldauf,M"]
[PlyCount "85"]
[EventDate "2016.05.12"]
[EventType "swiss"]
[EventRounds "11"]
[EventCountry "KOS"]
[SourceTitle "CBM 173"]
[Source "ChessBase"]
[SourceDate "2016.07.12"]
[SourceVersion "1"]
[SourceVersionDate "2016.07.12"]
[SourceQuality "1"]

1. d4 d5 2. c4 c6 3. Nf3 Nf6 4. e3 Bf5 5. Nc3 e6 6. Nh4 Bg6 7. Nxg6 hxg6 8. Bd2
Nbd7 9. Qc2 Rc8 10. c5 Qc7 11. g3 e5 12. f4 e4 13. Be2 g5 $2 {Dubov
unterschätzte hier wohl das Figurenopfer} (13... Be7 {mit ruhigem Spiel}) 14.
fxg5 Nh7 15. g6 fxg6 {Diagramm [#]} 16. Nxe4 $1 dxe4 17. Qxe4+ Kd8 18. Qxg6 $18
{die Stellung ist wohl bereits verloren, da die schwarzen Figuren nicht mehr
zu koordinieren sind} Ndf6 19. O-O-O Qe7 (19... Be7 20. Bd3 Rg8 21. Rhf1 Nf8
22. Qf7 $18) 20. Ba5+ Rc7 (20... Kd7 21. Bd3 Qxe3+ 22. Kb1 $18) 21. Kb1 Kc8 22.
Bxc7 Kxc7 23. Bd3 Nd7 24. e4 Ng5 25. e5 Rh6 26. Qd6+ $1 Kd8 27. Qxe7+ Kxe7 28.
h4 Ne6 29. Bf5 b6 30. b4 Nc7 31. Rhf1 Nb8 32. Rf3 Kd8 33. Be4 Be7 34. Rf7 Ne6
35. Bf5 Nc7 36. Rxg7 Nd5 37. Rf1 Na6 38. a3 Ne3 39. Rf3 Nxf5 40. Rxf5 Nc7 41.
Rff7 Nd5 42. Rh7 Rg6 43. Rfg7 1-0

[Event "RUS-chT2"]
[Site "Podolsk"]
[Date "1993.??.??"]
[Round "?"]
[White "Fominyh, Alexander"]
[Black "Svirin, Oleg"]
[Result "1-0"]
[WhiteElo "2505"]
[BlackElo "2355"]
[Annotator "Belov,I"]
[PlyCount "76"]
[EventDate "1993.??.??"]
[EventType "team"]
[EventRounds "9"]
[EventCountry "RUS"]
[SourceTitle "CBM 038"]
[Source "ChessBase"]
[SourceDate "1994.02.01"]
[SourceVersion "1"]
[SourceVersionDate "1994.02.01"]
[SourceQuality "1"]

1. d4 d5 2. Nf3 Nf6 3. c4 c6 4. e3 Bf5 5. Nc3 (5. Bd3 Bxd3 6. Qxd3 e6 7. Nc3
Nbd7 8. O-O Be7 9. e4 dxe4 10. Nxe4 O-O (10... c5 $11) 11. Bf4 c5 12. Rad1 Qb6
13. b3 Rfd8 $11 {Tal,M-Sveshnikov,E Leningrad 1991 Inf 52/372/}) (5. cxd5 cxd5
6. Qb3 Qc7 7. Nc3 (7. Bd2 e6 8. Bb5+ Nc6 9. Bb4 Bd6 $5 10. Qa3 Ke7 $1 $11 {
Brenninkmeijer,J-Dreev,A Groningen 1991/}) 7... e6 8. Bd2 Nc6 9. Bb5 Bd6 10.
Rc1 Rb8 $1 $11 {Gurevich,M-Anand,V Reggio Emilia 1991 Inf 53/357/}) 5... e6 6.
Nh4 $5 (6. Bd3 Bxd3 $11) (6. Be2 h6 7. O-O Nbd7 $11) 6... Bg6 (6... Bg4 7. Qb3
Qb6 8. h3 Bh5 9. g4 Bg6 10. g5 Ne4 $11 {Fedorowicz,J-Henley,R USA ch 1984/}) (
6... Be4 7. Qb3 Qb6 8. Qxb6 axb6 9. Bd2 h6 10. cxd5 exd5 11. f3 Bh7 $11 {
Nikolic,P-Beliavsky,A Sarajevo 1982/}) 7. Nxg6 hxg6 8. g3 $5 $146 (8. Qb3 Qb6
9. Qxb6 axb6 $11) 8... Nbd7 9. Qb3 dxc4 $6 (9... Qb6 $5 10. Bg2 (10. c5 Qc7 11.
Bg2 e5 $11) 10... Qa6 $1 11. Bf1 Qb6 $11) 10. Qxc4 (10. Qxb7 $5 Nb6 (10... c5
11. Bxc4 Be7 12. O-O O-O 13. Be2 $14) 11. Qxc6+ Nfd7 12. Bg2 Rc8 13. Qe4 Nf6
14. Qc2 $14) 10... e5 11. Bg2 Nb6 12. Qd3 Qd7 $5 (12... Be7 13. O-O O-O 14. Rd1
exd4 15. exd4 Nbd5 $14) 13. O-O Rd8 14. Rd1 exd4 (14... Be7 15. Qe2 exd4 16.
Rxd4 $14) 15. Ne2 $5 (15. exd4 Be7 16. Bg5 O-O $11) 15... dxe3 (15... Be7 $5
16. Qxd4 (16. Nxd4 $2 c5) 16... Qxd4 17. Rxd4 O-O 18. Bd2 Bc5 19. Rxd8 Rxd8 $11
) 16. Qxe3+ Qe7 17. Rxd8+ Kxd8 18. Qf3 $44 Rh5 $5 19. h4 $1 Re5 20. Kf1 Nfd5 (
20... Nbd5 21. Bg5 Qd7 22. Nc3 $44) 21. Bg5 f6 22. Bf4 Nxf4 (22... Re6 $6 23.
Bh3 f5 24. Bg5 Nf6 25. Nf4 $16) 23. Nxf4 Qf7 24. Qd3+ Kc7 25. Nxg6 Re8 26. Nxf8
$142 $6 (26. Rd1 Bc5 27. b3 $14) 26... Qxf8 27. Rc1 Rd8 28. Qe4 $6 {>=29.Rc6
bc 30.Qc6 Kb8 31.Qb7#/} (28. Qe3 $14) 28... Rd2 $1 $13 29. a4 Qd6 (29... Rxb2
$2 30. a5 Nd7 31. a6 $16) 30. Qg4 (30. Kg1 $5 Rxf2 31. Rxc6+ $14) 30... Nd7 (
30... Rxf2+ 31. Kxf2 Qd2+ 32. Kf3 Qd3+ $11) 31. Re1 Rxb2 32. Kg1 Qc5 33. Rf1
Qe7 34. Qd4 $44 Ra2 35. Rd1 $1 (35. Qxa7 $6 Qc5 $17) 35... a5 $2 (35... Nc5 $5)
36. Bxc6 $1 bxc6 37. Qa7+ Kc8 38. Qa6+ Kb8 (38... Kc7 39. Qxa5+ Kc8 40. Qa8+
Kc7 41. Qa7+ Kc8 42. Rb1 $36) (38... Kb8 39. Rb1+ Kc7 40. Rb7+ Kd6 41. Qd3+ Ke6
42. Qc4+ $18) 1-0

[Event "Moscow Aeroflot op-A 15th"]
[Site "Moscow"]
[Date "2016.03.08"]
[Round "8"]
[White "Jumabayev, Rinat"]
[Black "Vallejo Pons, Francisco"]
[Result "1-0"]
[WhiteElo "2607"]
[BlackElo "2677"]
[Annotator "Besenthal,K"]
[PlyCount "81"]
[EventDate "2016.03.01"]
[EventType "swiss"]
[EventRounds "9"]
[EventCountry "RUS"]
[SourceTitle "CBM 171"]
[Source "ChessBase"]
[SourceDate "2016.03.14"]
[SourceVersion "2"]
[SourceVersionDate "2016.03.14"]
[SourceQuality "1"]

1. d4 d5 2. c4 c6 3. Nf3 Nf6 4. e3 Bf5 5. Nc3 e6 6. Nh4 Be4 7. f3 Bg6 8. Qb3
Qc7 9. Bd2 Be7 10. Rc1 Nbd7 11. g3 Nb6 12. cxd5 exd5 13. Kf2 Qd7 14. Ng2 Bd6
15. Nf4 O-O 16. h4 {Diagramm [#]} Nh5 $5 (16... Bf5 17. g4 Be6 {kam in Frage.})
17. Nxh5 Bxh5 18. g4 Bxg4 (18... Bg6 $2 19. h5) 19. fxg4 Qxg4 20. Ne2 Nc4 {
Diagramm [#]} 21. Rxc4 $1 {Eigentlich kann sich Weiß nur durch
Materialrückgabe befreien, zumal Schwarz mit dem einfach Zug Le7 Aussicht
hatte, einen dritten Bauern zu gewinnen.} dxc4 22. Qxc4 Be7 23. Ke1 Bxh4+ 24.
Kd1 Rae8 25. Qd3 h6 26. Kc2 Bg5 {Diagramm [#] Schwarz hat einen Turm und zwei
Bauern für die beiden Figuren; außerdem verfügt er über aktives
Figurenspiel. Der Nachziehende steht nicht schlechter.} 27. Nc3 b5 28. Be2 Qe6
29. Bf3 a5 30. d5 cxd5 31. Bxd5 Qb6 (31... Qc8 $1 {war hier stärker.}) 32. Ne4
Be7 $2 {Im Nachhinein ist es offensichtlich, dass dieser passive Zug besser
durch aktives Spiel ersetzt worden wäre.} (32... Re5 $1 33. Bc3 Rf5 ({Oder gar
} 33... Rxd5)) 33. Bc3 Qg6 $2 {Diagramm [#]} (33... Rc8 $1 {Was gleichwohl
Weiß im Besitz deutlichen Vorteils gelassen hätte.}) 34. Nf6+ $3 {Eine
wunderschöne Schlusskombination.} Qxf6 (34... gxf6 35. Qxg6+ Kh8 36. Rxh6#) (
34... Bxf6 35. Qxg6) (34... Kh8 35. Qxg6 fxg6 36. Nxe8 Rxe8 $4 37. Rxh6#) 35.
Bxf6 Bxf6 36. Rf1 Bg5 37. e4 Rc8+ 38. Kb1 Kh8 39. Qxb5 f5 40. e5 f4 41. a3 1-0

[Event "Poikovsky Karpov 15th"]
[Site "Poikovsky"]
[Date "2014.05.18"]
[Round "7"]
[White "Bologan, Viktor"]
[Black "Motylev, Alexander"]
[Result "1-0"]
[WhiteElo "2655"]
[BlackElo "2687"]
[Annotator "Bologan,V"]
[PlyCount "89"]
[EventDate "2014.05.11"]
[EventType "tourn"]
[EventRounds "9"]
[EventCountry "RUS"]
[EventCategory "18"]
[SourceTitle "CBM 161"]
[Source "ChessBase"]
[SourceDate "2014.07.16"]
[SourceVersion "1"]
[SourceVersionDate "2014.07.16"]
[SourceQuality "1"]

1. d4 d5 2. c4 c6 3. Nf3 Nf6 4. e3 Bf5 5. Nc3 e6 6. Nh4 Bg6 7. Be2 {In our
previous game I did put the queen on b3 immediately, but that didn't go well
for me.} (7. Qb3 Qc7 8. Nxg6 hxg6 9. g3 Nbd7 10. Bg2 Be7 11. O-O O-O 12. Bd2
Nb6 13. c5 $6 {Too creative in an unknown situation.} Nc4 14. Be1 b6 $1 15. Na4
bxc5 16. dxc5 Nd7 17. Qc2 f5 18. Rc1 Nce5 19. f3 g5 20. Qe2 Qb7 21. b4 a5 22.
bxa5 Qa6 $1 {with a strong initiative for Black in Bologan,V 2672 - Motylev,A
2663 , Poikovsky RUS 29.8.2013 14th Karpov GM.}) 7... Nbd7 8. g3 Bd6 9. O-O Qe7
10. Qb3 {To be honest I am always slightly afraid to open the h-file in this
type of position. That's why, before taking on g6, I decided to clarify the
situation with a possible long castling by Black.} (10. b3 Ne4 11. Bb2 Nxc3 12.
Bxc3 Bb4 $11 {Radjabov T 2744 - Karjakin Sergey 2776 , 12.6.2011 5th Kings
Tournament}) (10. Bd2 dxc4 11. Nxg6 hxg6 12. Bxc4 e5 13. Re1 g5 {Arabidze,M
2388 - Svetushkin,D 2582 , Yerevan ARM 5.3.2014 15th ch-EUR Indiv 2014} 14. f4
$1 $16) 10... Rb8 11. Bd2 (11. Rd1 a6 12. Bd2 dxc4 13. Bxc4 Bh5 14. Re1 b5 15.
Bf1 c5 $15 {Jianu,V 2579 - Svetushkin,D 2544 , Iasi ROU 14.5.2014 Iasi Open
2014}) 11... O-O 12. Nxg6 hxg6 13. Qc2 {The mission is acccomplished so the
queen can go back to c2, away from the unpleasant opposition with the rook on
b8. Also the pawn on b2 has started to signal that it needs the way cleared in
order to go for b4-b5 etc.} a6 $6 {Typical but rather slow.} ({Maybe Black
should go for} 13... dxc4 14. Bxc4 Nb6 15. Be2 e5 16. dxe5 Bxe5 {, but even
here White has a slight advantage thanks to his bishop pair in a semi-open
position.}) 14. c5 $1 {By taking the space advantage on the queenside White
secures the pawn attack b4-b5.} Bc7 15. b4 e5 {Black's play is also quite
simple, with the only difference that he's got much less space for his pieces.}
16. a4 Qe6 17. Kg2 {During the game I remembered the recent mate my student
got on the h-file in Khanty-Mansisk. That's why I told to myself: no jokes,
maximum prophylaxis.} e4 18. f4 $1 {An important check-up; now Black either
has to keep the centre closed or to take on f3. In both cases White gets firm
control over the important e5-square.} exf3+ {Black needs at least some play,
in this case linked with the e4-square.} ({Otherwise he would painfully die
due to lack of oxygen, for example} 18... Qf5 19. b5 g5 20. Nd1 Rfe8 21. bxc6
bxc6 22. Bxa6 Nf8 23. Be2 {and Black is pawn down without clear compensation
for it.}) 19. Bxf3 Rbe8 20. Rab1 Re7 21. b5 {It's obvious that always after b5
White should take into consideration the unpleasant reply ...Ba5 with the
clear idea to trade the bishop for the knight to gain control over the
e4-square. Nevertheless I decided to calculate it, having in mind a typical
trick...} ({Instead of b5, the computer suggests enjoying the position with} 
21. Rbe1 {,threatening e4.} Ne4 22. Nxe4 dxe4 23. Be2 Nf6 24. b5 axb5 25. axb5
Nd5 {During the game I rejected this line due to the strong knight on d5;
still after} 26. Ra1 g5 27. bxc6 bxc6 28. Ra6 Rb8 29. Bc4 Bd8 30. Qa2 $14 {
White is better.}) 21... axb5 22. axb5 Ba5 23. Nxd5 $1 {This is the
aforementioned trick; it is typical for the Slav Defence. The open question is:
does it work here?} Nxd5 24. e4 $1 {I had based my calculations on this subtle
move and strangely enough my opponent simply missed this intermediate move.}
N7f6 ({On} 24... Bxd2 {I had prepared} 25. exd5 cxd5 (25... Qe3 26. bxc6 bxc6
27. dxc6 Nf6 28. d5 Ba5 29. d6 Re5 30. Rb5 Bd8 31. Rd1 g5 32. h3 {with an easy
win.}) 26. Qxd2 Nf6 27. Rbe1 Qd7 (27... Ne4 $5 28. Bxe4 dxe4 29. d5 Qe5 30. d6
{and here Alexander would have had to find a move, which is not easy at all:}
Re6 $1 31. Rc1 e3 32. Qd3 Rd8 {and Black's position is worse but holdable.})
28. c6 Qd6 29. Rxe7 Qxe7 30. Rc1 bxc6 31. bxc6 Rc8 32. Qc3 {Again there is
some pressure from White's side, but I wouldn't be surprised if Black manages
to make a draw.}) 25. exd5 Nxd5 26. Rbe1 Qxe1 27. Rxe1 Rxe1 28. Bg5 ({Other
continuations like} 28. Kh3 Bxd2 29. Qxd2 Re7 30. Bxd5 cxd5 31. Qg5 Rd7 $14 {
and}) (28. Kf2 Bxd2 29. Qxd2 Re7 30. bxc6 bxc6 31. Bxd5 cxd5 32. Qg5 Rd7 $14 {
appeared less dangerous for Black to me.}) 28... Nc7 $2 {The first serious
mistake in the game.} ({Instead Motylev should chase the bishop} 28... Bd8 29.
Qd2 Re6 30. Bxd5 cxd5 31. Bxd8 Rxd8 {with a slightly worse two rooks against
queen endgame, which we already discussed before.}) 29. bxc6 Ne6 30. cxb7 $1 {
It was not an easy task to consider everything until the end, but the main
lines proved that the three passed pawns are very dangerous and at least one
of them can queen.} (30. d5 Nxg5 31. cxb7 {would transpose to the game.}) 30...
Nxg5 31. d5 Bc7 32. d6 Bb8 33. Qd2 {Here I almost had a heart attack after
missing my opponent's next move!} Rg1+ $1 {Usually after such a blunder we
just have to resign, luckily for me I am still fine after} 34. Kf2 (34. Kxg1 $4
Nxf3+ 35. Kg2 Nxd2 $19) 34... Nxf3 35. Kxf3 Rf1+ 36. Kg2 Rf6 37. Qd5 {Actually
this is the key position of the game. It is four (queen and three pawns)
against three (two rooks and a bishop). For Black it's sometimes enough to
exchange rook and bishop for the pawns. But even this is difficult to achieve
- they are very precious pawns :)} Rf5 38. Qc6 Ba7 (38... Rf6 39. Qc8 $18) 39.
d7 Rxc5 (39... Bxc5 40. Qc7 Be7 41. b8=Q $18) 40. Qd6 $1 {The final
time-trouble move which actually decides the game. One more important factor
to be mentioned is the situation of the king on the 8th rank, which will be
exploited in order to promote the pawns.} Rd8 41. Qe7 Rc2+ 42. Kh3 Rxd7 43.
Qxd7 Rb2 44. Qc8+ Kh7 45. Qa8 1-0

[Event "EU-ch (Women) 15th"]
[Site "Plovdiv"]
[Date "2014.07.12"]
[Round "7"]
[White "Zhukova, Natalia"]
[Black "Gunina, Valentina"]
[Result "0-1"]
[WhiteElo "2451"]
[BlackElo "2501"]
[Annotator "CB"]
[PlyCount "92"]
[EventDate "2014.07.06"]
[EventType "swiss"]
[EventRounds "11"]
[EventCountry "BUL"]
[SourceTitle "CBM 162"]
[Source "ChessBase"]
[SourceDate "2014.09.17"]
[SourceVersion "1"]
[SourceVersionDate "2014.09.17"]
[SourceQuality "1"]

1. d4 d5 2. c4 c6 3. Nf3 Nf6 4. e3 Bf5 5. Nc3 e6 6. Nh4 Bg6 7. Nxg6 hxg6 8. Bd3
Nbd7 9. O-O Be7 10. h3 O-O 11. Qc2 Rc8 12. Rd1 Qc7 13. Bd2 a6 14. Rac1 dxc4 15.
Bxc4 c5 16. dxc5 Nxc5 17. a3 b5 18. Be2 Qb8 19. Be1 Bd6 20. b4 Nce4 21. Bf3 Rc4
22. Qb1 Nxc3 23. Bxc3 Rfc8 24. Bb2 Bh2+ 25. Kh1 Be5 26. Kg1 Bc3 27. Bxc3 Rxc3
28. Rd8+ Rxd8 29. Rxc3 {It might seem as if Black has seized the initiative
after the opening but the engines are unimpressed and consider the position to
be at least equal for White. Black still tries to prove an advantage but only
succeeds because White blunders.} Nd7 30. Qe4 Ne5 31. g3 f5 32. Qb7 Qd6 33. Kg2
Nc4 34. Qc6 Qe5 35. Rc2 Kh7 {A bold, but unsound pawn sacrifice hoping for an
attack. 35...Nd2 or 35...Qd6 lead to a roughly equal position.} 36. Qxa6 Nd2
37. Bc6 $2 ({A mistake. After the calm} 37. Qc6 {White's a pawn up and ready
to parry all threats by Black, e.g.} Qa1 38. Be2) 37... Rd5 $1 {A surprising
tactical shot.} 38. Rxd2 $2 {White panics.} ({Of course, she cannot take the
exchange and would lose after} 38. Bxd5 Qxd5+ 39. Kg1 Nf3+ 40. Kf1 Qd1+ 41. Kg2
Ne1+ {but after the calm defense}) (38. Rc1 Qe4+ 39. Kg1 Nf3+ 40. Kf1 {Black
has no more than a perpetual.}) 38... Rxd2 39. Qxb5 Qxe3 40. Qf1 Qxa3 41. Qc4
Qb2 42. Qc5 Rc2 43. Qb6 Qe5 44. b5 Qe1 45. Qd4 Rd2 46. Qf4 Rd1 0-1